00288nam a22000977a 4500020001800000082001100018100004300029245008900072260002100161300000800182 a9788120321861 a006.32 aS. RAJASEKRARAN G.A. VIJAYALAKSHMI PAI aNEURAL NETWORKS, AND FUZZY LOGIC, AND GENETIC ALGORITHMS SYSTHESIS AND APPLICATIONS aINDIAbPHIc2008 a439